000 00899cam a2200289 a 4500
999 _c2239
_d2239
001 00168492
003 OCoLC
005 20230405090426.0
008 090709r20072006enka j 000 1 eng
020 _a9780440866459 (pbk.)
035 _aUM035515
035 _a(OCoLC)76361608
040 _aNTPU
_cNTPU
_dKH8
042 _anbic
082 0 _a823.92 WIL
100 1 _aWilson, Jacqueline.
_eauthor
245 1 0 _aCandy Floss /
_cJacqueline Wilson ; illustrated by Nick Sharratt.
260 _aLondon :
_bCorgi Yearling,
_c2007, c2006.
300 _a[223] p. :
_bill. ;
_c20 cm.
500 _aOriginally published:Great Britain: Doubleday, 2006.
650 0 _aBroken homes
_vJuvenile fiction.
650 0 _aFathers and daughters
_vJuvenile fiction.
650 0 _aCarnivals
_vJuvenile fiction.
655 0 _aChildren's stories.
700 1 _aSharratt, Nick.
_eillustrator
942 _2ddc
_cNFIC